Grupy Mistrzostw Świata Elity w Hokeju na Lodzie - Statystyki

Ogólne statystyki
  • Ten quiz został rozwiązany 59 razy
  • Średni wynik to 14 z 16
Statystyki odpowiedzi
Reprezentacja % Poprawnych
Polska
100%
Francja
98%
Stany Zjednoczone
98%
Szwecja
98%
Niemcy
96%
Finlandia
92%
Kanada
92%
Czechy
90%
Łotwa
90%
Norwegia
90%
Słowacja
88%
Austria
86%
Wielka Brytania
86%
Dania
84%
Szwajcaria
84%
Kazachstan
73%
Nie znaleziono quizów pasujących do podanych kryteriów
Rozkład punktacji
Procent ludzi z każdym wynikiem
Percentyl według liczby udzielonych odpowiedzi
Twoja historia wyników
Nie rozwiązałeś tego quizu